[Event "Bad Zwesten op 9th"]
[Site "Bad Zwesten"]
[Date "2005.01.04"]
[Round "4"]
[White "Krom, Eugen"]
[Black "Rafiee, Kayvan"]
[Result "1/2-1/2"]
[WhiteElo "1597"]
[BlackElo "2027"]
[PlyCount "56"]
[EventDate "2005.01.02"]
[EventType "swiss"]
[EventRounds "9"]
[EventCountry "GER"]
[SourceTitle "CBM 104 Extra"]
[Source "ChessBase"]
[SourceDate "2005.03.01"]
[SourceVersion "1"]
[SourceVersionDate "2005.03.01"]
[SourceQuality "1"]

1. c4 e5 2. Nc3 Nf6 3. g3 d5 4. cxd5 Nxd5 5. Bg2 Be6 6. Nf3 Nc6 7. 0-0 Be7 8. a3 0-0 9. Qb3 Nb6 10. Qc2 f5 11. d3 Nd4 12. Nxd4 exd4 13. Nd1 c6 14. f4 Qd7 15. Nf2 Kh8 16. Nh3 h6 17. Kh1 Bd5 18. Ng1 Bxg2+ 19. Kxg2 Nd5 20. Nf3 Bf6 21. Kg1 Rfe8 22. Re1 Re7 23. Qc5 Ne3 24. Bxe3 Rxe3 25. Rac1 Rae8 26. Kf2 a6 27. Rc4 Qe6 28. Rc2 Qd7 1/2-1/2